Statistics for Football South Australia Teams

Click here to take the quiz!

General Stats

  • This quiz has been taken 8 times
    (7 since last reset)
  • The average score is 21 of 77

Answer Stats

Answer% Correct
Port Adelaide
100%
South Adelaide
75%
West Adelaide
75%
Adelaide Atletico
50%
Adelaide Blue Eagles
50%
Adelaide City
50%
Adelaide Comets
50%
Adelaide Hills
50%
Adelaide University
50%
Campbelltown City
50%
Croydon Kings
50%
Cumberland United
50%
Elizabeth Downs
50%
FK Beograd
50%
Gawler Eagles
50%
MetroStars
50%
Modbury Jets
50%
Modbury Vista
50%
Para Hills
50%
Para Hills East
50%
Playford City
50%
Salisbury Sharks
50%
Salisbury United
50%
Seaford
50%
Sturt Lions
50%
Tea Tree Gully City
50%
University of South Australia
50%
Western Strikers
50%
Adelaide Cobras
25%
Adelaide Croatia Raiders
25%
Adelaide Jaguars
25%
Adelaide Thunder
25%
Adelaide United
25%
Adelaide Victory
25%
Angle Vale
25%
Cove
25%
Eastern United
25%
Elizabeth Grove
25%
Elizabeth Vale
25%
Fulham United
25%
Ghan Kilburn City
25%
Henley
25%
Metro United
25%
Northern Demons
25%
Pontian Eagles
25%
Salisbury Inter
25%
Skillaroos SA
25%
Vipers FC
25%
West Beach
25%
WT Birkalla
25%
Adelaide Khukuri
0%
Aldinga
0%
Andrews Farm
0%
Barossa United
0%
Beverley Lions
0%
BOSA
0%
Brahma Lodge
0%
East Adelaide
0%
Hahndorf
0%
Ingle Farm
0%
McLaren Districts
0%
Mount Barker
0%
Munno Para
0%
Noarlunga United
0%
Northern Wolves
0%
Parafield Gardens
0%
Pembroke Old Scholars
0%
Plympton
0%
Pulteney Old Scholars
0%
Rowe Park United
0%
Sacred Heart Old Collegians
0%
Seymour Old Collegians
0%
Southern Breakers
0%
Stirling Districts
0%
Virginia United
0%
Westminister Old Scholars
0%
Woodside Warriors
0%

Score Distribution

Percentile by Number Answered

Percent of People with Each Score

Your Score History

You have not taken this quiz since the last reset